| 000 | 00682cam a2200181 a 4500 | ||
|---|---|---|---|
| 020 | _a0470218657 (Wiley) | ||
| 020 | _a058204281X | ||
| 082 | 0 | 0 |
_a624.2 _bRAI _cL- NUST, P-39 |
| 100 | 1 |
_aRaina, V. K. _943351 |
|
| 245 | 1 | 0 |
_aConcrete bridges : _bdesign and construction / _cRaina, V. K. |
| 260 |
_aHarlow, Essex, England : _bLongman Scientific & Technical ; _aNew York : _bCopublished in the U.S. with J. Wiley & Sons, _c1992. |
||
| 300 |
_axv, 280 p. : _bill. ; _c24 cm. |
||
| 526 |
_a0 _b0 _c0 _d624_200000000000000_RAI |
||
| 650 | 0 |
_aConcrete bridges _xDesign and construction. _921294 |
|
| 650 | 0 |
_aNUST / MCE _926909 |
|
| 650 | 0 | _aReinforced concrete construction. | |
| 942 |
_2ddc _cBK |
||
| 999 |
_c550650 _d550650 |
||